000 00395nam a22001697a 4500
999 _c7821
_d7819
005 20210904141249.0
008 210823b ||||| |||| 00| 0 eng d
020 _a9781847663115
041 _aeng
082 _a343.410
100 _aCONRADI, MIKE
_96549
245 _aCOMMUNICATIONS LAW HANDBOOK
260 _aW.S
_bBLOOMSBURY
_c2009
300 _a233,p
650 _aLAW
_95701
942 _cBK